| 000 | 00427nam a2200145Ia 4500 | ||
|---|---|---|---|
| 008 | 231129s1995||||xx |||||||||||||| ||spa|| | ||
| 020 | _a968-24-3377-0 | ||
| 040 | _bspa | ||
| 082 | _a658.4038011 B664s | ||
| 100 | _aBocchino William A. | ||
| 245 | 0 | _aSistemas de información para la administración: técnicas e instrumentos | |
| 260 | _c1995 | ||
| 264 | _aTrillas | ||
| 942 |
_2ddc _cBKS |
||
| 999 |
_c24684 _d24684 |
||